US States Google Translated - Statistics

General Stats
  • This quiz has been taken 14 times
  • The average score is 13 of 25
Answer Stats
Hint Answer % Correct
Mukta Georgia
91%
beautiful mexican New Mexico
82%
Xansa Kansas Kansas
73%
New hamphire New Hampshire
73%
West Nest West Virginia
73%
.ref Delaware
64%
Waaxiton Washington
64%
This is the only desire. Hawaii
55%
For heating Maine
55%
young businessman Utah
55%
bad day Virginia
55%
Foundation, donations: California
45%
“Uncle Idaho
45%
Berggood Montana
45%
excuse me Nevada
45%
Burma Alabama
36%
From the beginning Indiana
36%
This is all Iowa
36%
Marcus said North Carolina
36%
also Ohio
36%
Maya is definitely here Oklahoma
36%
Georgia Oregon
36%
Saturday in Oromo South Dakota
36%
Definition of glass in Amharic Wisconsin
36%
It was a quiet time. Wyoming
36%
No matching quizzes found
Score Distribution
Percent of People with Each Score
Percentile by Number Answered
Your Score History
You have not taken this quiz